000
00292nam a2200133Ia 4500
003
OSt
005
20240604100046.0
020
_a
0-85157-259-6
040
_c
LCC
050
_a
Z 699 .R 69 1979
100
_a
ROWLEY,J E
245
0
_a
MECHANISED IN-HOUSE INFORMATION SYSTEMS
942
_c
BK
_2
ddc
999
_c
206816
_d
206816